Statistics for Oscars Black Best Actors

Click here to take the quiz!

General Stats

  • This quiz has been taken 596 times
    (70 since last reset)
  • The average score is 16 of 33

Answer Stats

#Actor% Correct
3Will Smith
97%
9Denzel Washington
95%
5Morgan Freeman
95%
2Jamie Foxx
94%
1Samuel L. Jackson
92%
1Forest Whitaker
88%
1Cuba Gooding, Jr.
71%
1Don Cheadle
71%
2Mahershala Ali
69%
2Sidney Poitier
69%
2Daniel Kaluuya
65%
1Chadwick Boseman
58%
1Eddie Murphy
58%
1Laurence Fishburne
54%
1Michael Clarke Duncan
49%
1Chiwetel Ejiofor
48%
2Djimon Hounsou
42%
1Jeffrey Wright
42%
1Terrence Howard
38%
1Louis Gossett, Jr.
35%
1James Earl Jones
34%
1Colman Domingo
32%
1Sterling K. Brown
25%
1Lakeith Stanfield
20%
1Leslie Odom, Jr.
18%
1Barkhad Abdi
17%
1Jaye Davidson
17%
1Brian Tyree Henry
15%
1Dexter Gordon
15%
1Paul Winfield
9%
1Howard Rollins
8%
1Adolph Caesar
6%
1Rupert Crosse
3%

Score Distribution

Percentile by Number Answered

Percent of People with Each Score

Your Score History

You have not taken this quiz since the last reset